Die Lückenfüllung der klassisch-europäischen Kodifikationen: zur analogie im ALR, code civil und ABGB

Guardat en:
Dades bibliogràfiques
Autor principal: Hóltl, Johanna (Autor)
Format: Llibre
Idioma:alemany
Publicat: Wien, Österreich: LIT, 2005.
Col·lecció:Rech und Kultur,
Matèries:
Etiquetes: Afegir etiqueta
Sense etiquetes, Sigues el primer a etiquetar aquest registre!

MARC

LEADER 00000nam a2200000 a 4500
001 UCG0390
003 CL-VaPUC
005 20220822114400.0
008 100325e20050000AU |||||||||||||||||ger|d
999 |c 340031  |d 340029 
020 |a 9783825891364 
040 |c Pontificia Universidad Católica de Valparaíso 
082 0 4 |a 340.11 HOL 2005  |2 21 
100 0 |a Hóltl, Johanna  |e author  |9 547778 
245 1 4 |a Die Lückenfüllung der klassisch-europäischen Kodifikationen: zur analogie im ALR, code civil und ABGB 
260 |a Wien, Österreich:  |b LIT,  |c 2005. 
300 |a 245 páginas.  
490 0 |a Rech und Kultur,   |n  3. 
500 |a c.2 Donación Familia Prof. Alejandro Guzmán Brito. 
583 |a last modification  |c 20121214 11:15:53  |k Rodrigo Vera 
650 0 |a Historia del derecho  |9 255109 
942 |c BK  |2 ddc  |n 0 
945 |d 20100325 00:00:00  |a rbrito 
952 |0 0  |1 0  |4 0  |6 340_110000000000000_HOL_2005  |7 0  |8 DER_HIS  |9 434365  |a BIBDER  |b BIBDER  |d 2019-11-22  |i 4655117  |o 340.11 HOL 2005  |p 4655117  |r 2023-01-25  |w 2019-11-22  |x Ubicación 4to Piso  |y BK  |z Estos recursos deben solicitarse con anticipación  |k DER 
952 |0 0  |1 0  |2 ddc  |4 0  |6 340_110000000000000_HOL_2005  |7 1  |8 C_AGB  |9 585759  |a BIBDER  |b BIBDER  |d 2022-08-03  |e Donación   |i 5653725  |o 340.11 HOL 2005  |p 5653725  |r 2023-01-25  |t 2  |w 2022-08-03  |y BK_US  |k AGB